| 000 | 00570cam a2200145 4500500 | ||
|---|---|---|---|
| 005 | 20251012032605.0 | ||
| 041 | _afre | ||
| 042 | _adc | ||
| 100 | 1 | 0 |
_aBaladier, Charles _eauthor |
| 245 | 0 | 0 | _aCharles MALAMOUD, La Danse des pierres. Études sur la scène sacrificielle dans l’Inde ancienne, Paris, Seuil, « La Librairie du xxie siècle », 2005, 211 pages. |
| 260 | _c2006. | ||
| 500 | _a10 | ||
| 786 | 0 | _nSigila | 18 | 2 | 2006-12-20 | p. 189-191 | 1286-1715 | |
| 856 | 4 | 1 | _uhttps://shs.cairn.info/revue-sigila-2006-2-page-189?lang=fr&redirect-ssocas=7080 |
| 999 |
_c1547735 _d1547735 |
||